000 00487nam a2200181Ia 4500
005 20250508160221.0
008 008 250505s9999 xx 000 0 eng d
037 _aTextual
040 _aFEDL
_beng
_cFEDL
041 _aeng
_2eng
084 _a973, TUR
_qFEDL
100 _aTurner Frederick Jackson
245 0 _aFrontier and section
260 _aEnglewood Cliffs
_b Prentice-Hall
_c1961
300 _a171p.
942 _cTEXL
_h973, TUR
999 _c1362749
_d1362749